| 000 | 00537nam a22001937a 4500 | ||
|---|---|---|---|
| 003 | PILC | ||
| 005 | 20151028134833.0 | ||
| 008 | 130930t xxu||||| |||| 00| 0 eng d | ||
| 020 | _a0439529743 | ||
| 050 |
_aQA 63 _b.Sa128 2005 |
||
| 082 |
_aGS 510 _bSa1 2005 |
||
| 100 |
_aSafro, Jill _922201 |
||
| 245 |
_aMath word problems made easy / _cSafro, Jill _bGrade 6 |
||
| 260 |
_aNew York : _bTeaching resources, _c2005. |
||
| 300 |
_a80 p. : _bill. ; _c80 cm. |
||
| 650 |
_aMathematics. _9210 |
||
| 942 |
_2lcc _cBK |
||
| 999 |
_c12381 _d12381 |
||